Subdivision capitals closest to Suceava (RO) - Statistics

General Stats
  • This quiz has been taken 15 times
  • The average score is 12 of 21
Answer Stats
Distance (km) Answer % Correct
9 114 Iași
100%
15 129 Bacău
80%
17 144 Bistrița
80%
1 33 Botoșani
80%
3 79 Piatra Neamț
80%
13 126 Bălți
60%
2 76 Černjivci
60%
18 146 Miercurea Ciuc
60%
14 126 Ungheni
60%
20 158 Vaslui
60%
6 101 Briceni
40%
10 121 Dondușeni
40%
11 125 Drochia
40%
5 98 Edineț
40%
8 110 Fălești
40%
19 156 Florești
40%
4 96 Glodeni
40%
20 158 Nisporeni
40%
12 125 Ocnița
40%
7 104 Rîșcani
40%
16 142 Sîngerei
40%
No matching quizzes found
Score Distribution
Percent of People with Each Score
Percentile by Number Answered
Your Score History
You have not taken this quiz